Eindhovense Stadsdelen op een Kaart - Statistieken

Algemene statistieken
  • Deze quiz is 56 keer genomen
  • De gemiddelde score is 4 van 7
Antwoorden op de kaart
Antwoorden kleurgecodeerd door een groen-rode schaal op de quizkaart volgens % correct hieronder.
 
Antwoordstatistieken
Inwoners Stadsdeel % Correct
8.125 Centrum
95%
29.168 Strijp
61%
31.778 Stratum
56%
21.440 Tongelre
56%
64.800 Woensel-Noord
56%
38.170 Woensel-Zuid
54%
27.770 Gestel
39%
Geen overeenkomende quizzen gevonden
Scoreverdeling
Procent van Mensen met Elke Score
Percentiel versus Aantal Correcte Antwoorden
Uw Scoregeschiedenis
U heeft deze quiz nog niet genomen